Piłka nożna - Liverpool FC - transfery - Statystyki

Ogólne statystyki
  • Ten quiz został rozwiązany 179 razy
  • Średni wynik to 10 z 15
Statystyki odpowiedzi
miejsce kwota sezon klub oddający zawodnik % Poprawnych
2. 84,65 mln € 17/18 Southampton FC Virgil van Dijk
95%
1. 85 mln € 22/23 SL Benfica Darwin Nunez
90%
4. 62,50 mln € 18/19 AS Roma Alisson
87%
12. 42,00 mln € 17/18 AS Roma Mohamed Salah
87%
13. 41,20 mln € 16/17 Southampton FC Sadio Mane
75%
11. 42,00 mln € 22/23 PSV Eindhoven Cody Gakpo
72%
9. 44,70 mln € 20/21 Wolverhampton Diogo Jota
71%
3. 70,00 mln € 23/24 RB Leipzig Dominik Szoboszlai
71%
6. 54,00 mln € 21/22 FC Porto Luis Diaz
69%
10. 42,00 mln € 23/24 Brigthon Alexis Mac Allister
67%
14. 41,00 mln € 15/16 Hoffenheim Roberto Firmino
65%
8. 45,00 mln € 18/19 AS Monaco Fabinho
59%
5. 60,00 mln € 18/19 RB Leipzig Naby Keita
48%
15. 41,00 mln € 10/11 Newcastle United Andy Carroll
21%
7. 46,50 mln € 15/16 Aston Villa Christian Benteke
21%
Nie znaleziono quizów pasujących do podanych kryteriów
Rozkład punktacji
Procent ludzi z każdym wynikiem
Percentyl według liczby udzielonych odpowiedzi
Twoja historia wyników
Nie rozwiązałeś tego quizu